00611 2200193 4500001002100000005001500021035002000036007000300056008004100059020002200100082001200122084001800134100003400152245013300186250001000319260003300329300003500362650002000397INLIS00000000000144520180207105119 a0010-0218000040ta180207 g 0 ind  a978-602-7637-31-3 a297.217 a297.217 SYA r0 aSYAIKH, Wahid Abdussalam Bali1 aRuqyah Jin, Sihir & Terapinya :bBuku Masterpiece Seputar Ruqyah, Jin, dan Sihir di Timur Tengah /cSyaikh Wahid Abdussalam Bali acet.1 aJakarta :bUmmul Qura,c2014 axxiv,709 Hlm ;c17,5 x 24,5 cm aJIN SIHIR ISLAM